Dopravní prostředky, které pohnuly světem /

Hlavní autor: Sodomka, Martin, 1968-
Další autoři: Sekaninová, Štěpánka, Velčovský, Tom
Jazyk: Čeština
Vydáno: V Praze : Albatros, 2020
Vydání: První vydání
Témata:
Fyzický popis: 62 stran : ilustrace (převážně barevné) ; 28 cm
Knihy
Uloženo v:
LEADER 02311nam a2200589 i 4500
001 nkc20213306692
003 CZ PrNK
005 20210511123913.0
007 ta
008 210208s2020 xr a b f 000 0 cze
015 |a cnb003306692 
020 |a 978-80-00-06062-0  |q (Albatros ;  |q vázáno) :  |c Kč 299,00 
035 |a (OCoLC)1250248947 
040 |a BOA001  |b cze  |d OLA001  |d ABA001  |e rda 
072 7 |a 629  |x Dopravní prostředky  |2 Konspekt  |9 19 
072 7 |a 0/9-053.2  |x Literatura pro děti a mládež (naučná)  |2 Konspekt  |9 26 
080 |a 629  |2 MRF 
080 |a 629(091)  |2 MRF 
080 |a (0.062)  |2 MRF 
080 |a (084.11)  |2 MRF 
080 |a (0.053.2)  |2 MRF 
100 1 |a Sodomka, Martin,  |d 1968-  |7 mzk2012716896  |4 ill 
245 1 0 |a Dopravní prostředky, které pohnuly světem /  |c ilustroval Martin Sodomka ; napsali Štěpánka Sekaninová a Tom Velčovský 
250 |a První vydání 
264 1 |a V Praze :  |b Albatros,  |c 2020 
300 |a 62 stran :  |b ilustrace (převážně barevné) ;  |c 28 cm 
336 |a text  |b txt  |2 rdacontent 
336 |a statický obraz  |b sti  |2 rdacontent 
337 |a bez média  |b n  |2 rdamedia 
338 |a svazek  |b nc  |2 rdacarrier 
500 |a Pro nakladatelství Albatros v Praze ve společnosti Albatros Media, a.s. připravilo nakladatelství B4U Publishing 
521 8 |a Pro čtenáře od 9 let 
650 0 7 |a dopravní prostředky  |7 ph114350  |2 czenas 
650 0 7 |a dějiny dopravních prostředků  |7 ph499542  |2 czenas 
650 0 9 |a means of transportation  |2 eczenas 
650 0 9 |a history of means of transportation  |2 eczenas 
655 7 |a populárně-naučné publikace  |7 fd131864  |2 czenas 
655 7 |a obrazové publikace  |7 fd132947  |2 czenas 
655 7 |a publikace pro děti  |7 fd133156  |2 czenas 
655 9 |a popular works  |2 eczenas 
655 9 |a pictorial works  |2 eczenas 
655 9 |a children's literature  |2 eczenas 
700 1 |a Sekaninová, Štěpánka  |7 ola2017959546  |4 aut 
700 1 |a Velčovský, Tom  |7 hka20211105277  |4 aut 
910 2 |a BOA001  |b 3-1459.979 
928 9 |a Albatros Media - Albatros 
928 9 |a Albatros Media - B4U Publishing 
928 9 |a B4U Publishing 
990 |a BK 
995 |a 01 
991 |b 202105  |c NOV 
996 6 |b 2610858724  |c 3-1459.979  |l MZK  |r Sklad / do 1 hodiny  |n 1  |p p.v.  |w 001845546  |u 000010  |a 1  |e BOA001  |j MZK50  |s P